000
00223nam a2200085Ia 4500
008
170620s9999 xx 000 0 und d
100
_a
Rao- V. K.
245
0
_a
Educational Technology
260
_b
New Delhi- A.P.H. Publishing corporation
260
_c
2002
999
_c
23923
_d
23923